[Event "II - May 2023 DRRT"]
[Site "SchemingMind.com"]
[Date "2023.07.12"]
[Round "-"]
[White "Arnold Jones"]
[Black "kenneth m day"]
[Result "0-1"]
[WhiteCountry "ENG"]
[BlackCountry "USA"]
[WhiteElo "1524"]
[WhiteRD "59"]
[BlackElo "1707"]
[BlackRD "59"]
[GameID "735526"]

1. d4 d5 2. Nf3 Nf6 3. Bf4 Bg4 4. Ne5 Nbd7 5. Nc3 Nxe5 6. Bxe5 Qd7 7. Bxf6 exf6 8. f3 Be6 9. e4 O-O-O 10. Bd3 dxe4
11. Bxe4 Qxd4 12. Qxd4 Rxd4 13. Bd3 Bb4 14. O-O Bxc3 15. bxc3 Rd7 16. a4 Rhd8 17. a5 a6 18. c4 Rd4 19. f4 Bxc4 20. Bf5+ Kb8
21. Bd3 Bxd3 22. cxd3 Rxd3 23. Rfe1 Kc8 24. Rf1 c5 25. Ra4 R8d4 26. Rxd4 Rxd4 27. Rc1 c4 28. g3 Kc7 29. Kg2 Kc6 30. Re1 c3
31. Re3 Rc4 32. Re7 c2 33. Rxf7 c1=Q 34. Rxg7 Rc2+ 35. Kh3 Qd2 36. Rf7 Qxh2+ 37. Kg4 Qh1 38. Rxf6+ Kb5 39. Rf5+ Rc5 40. Re5 h5+
41. Kg5 Rxe5+ 42. fxe5 Qf3 43. e6 Kc6
0-1

[Event "II - May 2023 DRRT"]
[Site "SchemingMind.com"]
[Date "2023.07.12"]
[Round "-"]
[White "ray winteringham"]
[Black "Arnold Jones"]
[Result "1-0"]
[WhiteCountry "ENG"]
[BlackCountry "ENG"]
[WhiteElo "1434"]
[WhiteRD "48"]
[BlackElo "1528"]
[BlackRD "60"]
[GameID "735527"]

1. e4 Nf6 2. e5 Nd5 3. d4 e6 4. Bc4 Nb6 5. Bb3 a5 6. c3 d5 7. Nf3 Bd7 8. Be3 a4 9. Bc2 Bb5 10. Bd3 Bxd3
11. Qxd3 Nc4 12. Qe2 Qd7 13. O-O Qb5 14. Re1 Nxe3 15. Qxb5+ Nd7 16. Rxe3 Ra7 17. Qd3 c5 18. Nbd2 c4 19. Qf1 g6 20. b4 Bh6
21. Ree1 b5 22. a3 Ke7 23. g4 Bxd2 24. Nxd2 Nf8 25. f4 Rg8 26. g5 Ra6 27. h4 f5 28. gxf6+ Kf7 29. Kf2 Ra7 30. Nf3 h6
31. Qh3 Ke8 32. Rg1 Rh7 33. Ke3 Kf7 34. Rg3 Rhh8 35. Rag1 Nh7 36. h5 g5 37. fxg5 hxg5 38. Nxg5+ Nxg5 39. Rxg5 Rxg5 40. Rxg5 Kf8
41. Qxe6
1-0

[Event "II - May 2023 DRRT"]
[Site "SchemingMind.com"]
[Date "2023.07.12"]
[Round "-"]
[White "Arnold Jones"]
[Black "ray winteringham"]
[Result "1-0"]
[WhiteCountry "ENG"]
[BlackCountry "ENG"]
[WhiteElo "1528"]
[WhiteRD "60"]
[BlackElo "1434"]
[BlackRD "48"]
[GameID "735528"]

1. d4 d5 2. g3 e6 3. Nf3 Bd6 4. Bg2 Ne7 5. O-O Bd7 6. Bd2 Nbc6 7. a3 h6 8. b4 Ng6 9. a4 O-O 10. Qe1 a6
11. Na3 Nce7 12. c4 Bxa4 13. c5 Bxg3 14. fxg3 b5 15. e4 c6 16. e5 Kh7 17. h4 f5 18. h5 Nh8 19. Qb1 Nf7 20. Qd3 a5
21. Nh4 Ng5 22. Bxg5 hxg5 23. Nf3 Qe8 24. g4 axb4 25. Nxg5+ Kh6 26. Nxe6 bxa3 27. Nc7 Qd7 28. Nxa8 Rxa8 29. Qe3+ g5 30. e6 Qe8
31. gxf5 b4 32. Qh3 Qxh5 33. f6 Qxh3 34. Bxh3 Ng6 35. f7 Bb5 36. Rf6 Kg7 37. Rf5 Bd3 38. Rxg5 Kh7 39. Re1 Be4 40. Bg2 Bxg2
41. Kxg2 Nf4+ 42. Kg3 a2 43. Rh1+
1-0

[Event "II - May 2023 DRRT"]
[Site "SchemingMind.com"]
[Date "2023.07.12"]
[Round "-"]
[White "Arnold Jones"]
[Black "Chessibelle"]
[Result "1-0"]
[WhiteCountry "ENG"]
[BlackCountry "ENG"]
[WhiteElo "1528"]
[WhiteRD "60"]
[BlackElo "1142"]
[BlackRD "58"]
[GameID "735530"]

1. d4 d5 2. Nf3 h6 3. Nc3 a6 4. g3 e6 5. Bg2 f6 6. O-O Bd6 7. Bd2 Ne7 8. Re1 O-O 9. Qc1 e5 10. e4 b5
11. exd5 Bb7 12. dxe5 fxe5 13. Nxe5 Qe8 14. Nd3 Qc8 15. Re6 c6 16. Rxd6 Nf5 17. Re6 Qd7 18. Ne5 Qc7 19. Ng6 Qf7 20. Nxf8 Kxf8
21. Qe1 Nd7 22. dxc6 Bc8 23. cxd7 Bxd7 24. Bd5 Rd8 25. Rxa6 Qh5 26. Nxb5 Bxb5 27. Bb4+ Ne7 28. Qxe7#
1-0

[Event "II - May 2023 DRRT"]
[Site "SchemingMind.com"]
[Date "2023.07.16"]
[Round "-"]
[White "Wojtek26"]
[Black "Arnold Jones"]
[Result "0-1"]
[WhiteCountry "POL"]
[BlackCountry "ENG"]
[WhiteElo "1421"]
[WhiteRD "73"]
[BlackElo "1515"]
[BlackRD "63"]
[GameID "735531"]

1. d4 Nf6 2. e3 e6 3. Nf3 c5 4. c4 d5 5. a3 b6 6. Nc3 Ba6 7. b3 Bb7 8. dxc5 bxc5 9. Be2 Be7 10. O-O O-O
11. Bb2 Nc6 12. cxd5 Nxd5 13. Nxd5 exd5 14. Rc1 Rc8 15. Ne5 Nxe5 16. Bxe5 f6 17. Bb2 a5 18. a4 Qb6 19. Bb5 Rfd8 20. Qg4 Rc7
21. Rfd1 Bc8 22. Qe2 Be6 23. Rd2 Bf7 24. Rcd1 Qe6 25. Qf3 d4 26. exd4 Qxb3 27. Qxb3 Bxb3 28. d5 Bxd1 29. Rxd1 c4 30. Rc1 Rxd5
31. g3 Rxb5 32. axb5 a4 33. b6 Rb7 34. Rxc4 Rxb6 35. Bd4 Ra6 36. Rc8+ Kf7 37. Rc7 Ke6 38. Rc2 Kd5 39. Ba1 a3 40. Kf1 g6
41. Ke2 f5 42. Kd3 a2 43. Rc1 Bf6 44. Bxf6 Rxf6 45. Ra1 Ra6 46. Kc2 Ke4 47. Kb2 Kf3
0-1

[Event "II - May 2023 DRRT"]
[Site "SchemingMind.com"]
[Date "2023.07.16"]
[Round "-"]
[White "Arnold Jones"]
[Black "Wojtek26"]
[Result "0-1"]
[WhiteCountry "ENG"]
[BlackCountry "POL"]
[WhiteElo "1515"]
[WhiteRD "63"]
[BlackElo "1421"]
[BlackRD "73"]
[GameID "735532"]

1. d4 d5 2. Nf3 e6 3. g3 Nf6 4. Bg2 c5 5. O-O Be7 6. c4 O-O 7. Ne5 Nbd7 8. Nxd7 Bxd7 9. b3 b6 10. Nc3 cxd4
11. Qxd4 Bc5 12. Qh4 dxc4 13. Bxa8 Qxa8 14. bxc4 Be7 15. Qd4 Bc5 16. Qd3 Bc6 17. Re1 Ne4 18. Nd1 Rd8 19. Qc2 Qb8 20. e3 Qb7
21. Qe2 Bb4 22. Nb2 Bxe1 23. Qxe1 Ng5 24. e4 Nf3+
0-1

[Event "II - May 2023 DRRT"]
[Site "SchemingMind.com"]
[Date "2023.07.16"]
[Round "-"]
[White "Sadalmelik"]
[Black "Arnold Jones"]
[Result "0-1"]
[WhiteCountry "ITA"]
[BlackCountry "ENG"]
[WhiteElo "1469"]
[WhiteRD "81"]
[BlackElo "1543"]
[BlackRD "67"]
[GameID "735533"]

1. e4 c5 2. Nf3 Nc6 3. c4 Nf6 4. Nc3 e5 5. h3 Be7 6. d3 O-O 7. Be2 a6 8. O-O Qc7 9. b3 Na7 10. Bb2 b5
11. Nd5 Nxd5 12. cxd5 d6 13. a3 f5 14. Nd2 f4 15. Rc1 a5 16. b4 Bd7 17. bxc5 dxc5 18. Nf3 Bf6 19. d4 c4 20. dxe5 Bd8
21. e6 Be8 22. Qd2 Nc8 23. Nd4 Nd6 24. f3 Qa7 25. Kh1 Rc8 26. Bc3 Bb6 27. Qb2 Qe7 28. Rc2 Qg5 29. e5 Bxd4 30. Bxd4 Nf5
31. Kg1 Nh4 32. Rf2 Rf5 33. d6 Bc6 34. Qc3 Qg6 35. e7 Rg5 36. g4 fxg3 37. Rf1 g2 38. Rf2 Rg3 39. Be3 Rxh3 40. f4 Rh1#
0-1

[Event "II - May 2023 DRRT"]
[Site "SchemingMind.com"]
[Date "2023.07.12"]
[Round "-"]
[White "Arnold Jones"]
[Black "Sadalmelik"]
[Result "0-1"]
[WhiteCountry "ENG"]
[BlackCountry "ITA"]
[WhiteElo "1543"]
[WhiteRD "67"]
[BlackElo "1469"]
[BlackRD "81"]
[GameID "735534"]

1. d4 g6 2. g3 Nf6 3. Nf3 Bg7 4. c4 c5 5. Bg2 d5 6. dxc5 e6 7. b4 Nc6 8. b5 Ne7 9. Bb2 O-O 10. Ne5 Qc7
11. Bd4 Nf5 12. b6 axb6 13. cxb6 Qd8 14. Bc5 Re8 15. O-O Ra5 16. Bb4 Ra6 17. c5 Nd7 18. Nxf7 Kxf7 19. Bc3 Ne5 20. a4 Bd7
21. Bxe5 Bxe5 22. Ra2 Ra5 23. Qc2 Nd4 24. Qc1 Nb3 25. Qh6 Rh8 26. f4 Bg7 27. Qh3 Nxc5 28. Nd2 Qxb6 29. Rb1 Qa6 30. Nf3 Nxa4
31. Ng5+ Ke7 32. Rxa4 Bxa4 33. Rxb7+ Qxb7 34. Qxe6+ Kd8 35. Nf7+ Kc7 36. Qd6+ Kc8 37. Bh3+ Bd7 38. Bxd7+ Qxd7 39. Qxd7+ Kxd7 40. Nxh8 Bxh8
41. Kg2 Kd6 42. Kf3 Ke6 43. h3 h5 44. g4 Ra3+ 45. Kg2 hxg4 46. hxg4 Bd4 47. Kf1 Rg3 48. g5 Kf5
0-1

[Event "II - May 2023 DRRT"]
[Site "SchemingMind.com"]
[Date "2023.07.14"]
[Round "-"]
[White "capablanca"]
[Black "pmdpsp"]
[Result "1-0"]
[WhiteCountry "GER"]
[BlackCountry "GER"]
[WhiteElo "1796"]
[WhiteRD "93"]
[BlackElo "1680"]
[BlackRD "79"]
[GameID "735632"]

1. d4 g6 2. Nc3 Bg7 3. Nf3 d6 4. e4 Nc6 5. h3 Bd7 6. Bc4 e6 7. O-O a6 8. a4 Na5 9. Ba2 b5 10. Bd2 Nb7
11. axb5 axb5 12. b4 Ne7 13. Bb3 O-O 14. Rxa8 Qxa8 15. Qa1 Qc8 16. Qa6 c6 17. Ra1 d5 18. e5 Nf5 19. Qb6 Bh6 20. Bxh6 Nxh6
21. Ra7 Nd8 22. Rc7 Qa8 23. Rxd7 Qa1+ 24. Kh2 Qxc3 25. Rxd8 Qxb4 26. Rxf8+ Qxf8 27. Qxc6 Qb8 28. Ne1 Nf5 29. c3 Ne7 30. Qd6 Qxd6
31. exd6 Nc6 32. Nd3 f6 33. Nc5 Kf7 34. Nb7 Ke8 35. Bc2 Kd7 36. Bd3 Na7 37. Kg3 Kc6 38. d7 Kxd7 39. Nc5+ Kd6 40. h4 e5
41. f3 exd4 42. cxd4 b4 43. Kf2 Nc6 44. Ke3 Na5 45. Kd2 Nc4+ 46. Bxc4 dxc4 47. Na6 b3 48. Kc3 h5 49. Nc5 Kd5 50. Na4 g5
51. g3 gxh4 52. gxh4 f5 53. Nb2 f4 54. Nxc4
1-0

[Event "II - May 2023 DRRT"]
[Site "SchemingMind.com"]
[Date "2023.07.14"]
[Round "-"]
[White "pmdpsp"]
[Black "capablanca"]
[Result "1-0"]
[WhiteCountry "GER"]
[BlackCountry "GER"]
[WhiteElo "1680"]
[WhiteRD "79"]
[BlackElo "1796"]
[BlackRD "93"]
[GameID "735633"]

1. c4 e5 2. Nc3 Nf6 3. d4 exd4 4. Qxd4 Nc6 5. Qd1 Bc5 6. Bg5 h6 7. Bh4 Ne5 8. e3 Ng6 9. Bg3 d6 10. Bd3 Ne5
11. Be2 Be6 12. Nf3 Nxc4 13. Bxc4 Bxc4 14. Qa4+ b5 15. Nxb5 Bxb5 16. Qxb5+ Qd7 17. Qc4 O-O 18. O-O Bb6 19. Rfd1 Qf5 20. a4 a5
21. Nd4 Qc5 22. Qb3 Ne4 23. Rac1 Qb4 24. Qxb4 axb4 25. b3 Nc3 26. Rd2 Rfe8= 27. Ne2 Ne4 28. Rdc2 Nxg3 29. hxg3 Ra5 30. Nf4 g5
31. Nd3 Re4 32. Rc4 d5 33. Rxe4 dxe4 34. Nxb4 Rc5 35. Rxc5 Bxc5 36. Nd5 Bd6 37. Nf6+ Kf8 38. Nxe4 Bb4 39. f4 gxf4 40. gxf4 Ke7
41. Kf2 Ke6 42. g4 f6 43. Kf3 f5 44. gxf5+ Kxf5 45. Nf2 h5 46. Nd3 Bd2 47. b4 h4 48. a5 h3 49. a6
1-0

[Event "II - May 2023 DRRT"]
[Site "SchemingMind.com"]
[Date "2023.07.14"]
[Round "-"]
[White "capablanca"]
[Black "kenneth m day"]
[Result "1-0"]
[WhiteCountry "GER"]
[BlackCountry "USA"]
[WhiteElo "1744"]
[WhiteRD "75"]
[BlackElo "1707"]
[BlackRD "59"]
[GameID "735634"]

1. d4 Nf6 2. c4 e6 3. Nc3 d5 4. e3 c5 5. cxd5 exd5 6. dxc5 Bxc5 7. Nf3 Nc6 8. Bb5 O-O 9. O-O Bd7 10. b3 a6
11. Be2 Bg4 12. Bb2 Re8 13. Nd2 Bxe2 14. Nxe2 Rc8 15. Nf3 Be7 16. Ned4 Bc5 17. Rc1 Ne4 18. Nxc6 Rxc6 19. Nd4 Rc8 20. Qg4 Be7
21. Ne6 Nf6 22. Qxg7#
1-0

[Event "II - May 2023 DRRT"]
[Site "SchemingMind.com"]
[Date "2023.07.14"]
[Round "-"]
[White "kenneth m day"]
[Black "capablanca"]
[Result "1-0"]
[WhiteCountry "USA"]
[BlackCountry "GER"]
[WhiteElo "1707"]
[WhiteRD "59"]
[BlackElo "1744"]
[BlackRD "75"]
[GameID "735635"]

1. e4 e5 2. Nf3 Nc6 3. c3 d5 4. Qa4 Bd7 5. exd5 Nd4 6. Qd1 Nxf3+ 7. Qxf3 Nf6 8. Bc4 Bg4 9. Qe3 Bd6 10. h3 Bd7
11. O-O Qe7 12. d3 O-O 13. Re1 Rfe8 14. Nd2 c6 15. dxc6 Bxc6 16. Nf3 Bc5 17. Qxe5 Qxe5 18. Nxe5 Bd5 19. Bf4 Bxc4 20. Nxc4 Rad8
21. Be3
1-0

[Event "II - May 2023 DRRT"]
[Site "SchemingMind.com"]
[Date "2023.07.14"]
[Round "-"]
[White "capablanca"]
[Black "ray winteringham"]
[Result "1-0"]
[WhiteCountry "GER"]
[BlackCountry "ENG"]
[WhiteElo "1796"]
[WhiteRD "93"]
[BlackElo "1434"]
[BlackRD "48"]
[GameID "735636"]

1. e4 e5 2. Nf3 d6 3. d4 f6 4. Bc4 Bd7 5. Nc3 Nc6 6. O-O a6 7. Be3 g6 8. Nd5 Nge7 9. a3 b5 10. Ba2 Bg7
11. c3 Na7 12. dxe5 dxe5 13. Nxe7 Qxe7 14. Qd2 O-O-O 15. Bxa7 c6 16. Bb6 Rde8 17. Rfd1 Bf8 18. Bc5 Qd8 19. Bxf8 Rhxf8 20. Qe3 Kb7
21. Rd6 Re6 22. Bxe6
1-0

[Event "II - May 2023 DRRT"]
[Site "SchemingMind.com"]
[Date "2023.07.14"]
[Round "-"]
[White "ray winteringham"]
[Black "capablanca"]
[Result "0-1"]
[WhiteCountry "ENG"]
[BlackCountry "GER"]
[WhiteElo "1434"]
[WhiteRD "48"]
[BlackElo "1796"]
[BlackRD "93"]
[GameID "735637"]

1. e4 c5 2. Nf3 d6 3. Bc4 Nf6 4. Ng5 e6 5. f4 h6 6. e5 dxe5 7. fxe5 hxg5 8. exf6 Qxf6 9. Nc3 Bd6 10. d3 Bg3+
11. Kd2 Qf4+ 12. Ke2 Qf2#
0-1

[Event "II - May 2023 DRRT"]
[Site "SchemingMind.com"]
[Date "2023.07.14"]
[Round "-"]
[White "capablanca"]
[Black "Chessibelle"]
[Result "1-0"]
[WhiteCountry "GER"]
[BlackCountry "ENG"]
[WhiteElo "1796"]
[WhiteRD "93"]
[BlackElo "1142"]
[BlackRD "58"]
[GameID "735638"]

1. e4 g6 2. d4 d6 3. Nf3 Nf6 4. Nc3 Bd7 5. Bc4 Bg7 6. Bf4 Nc6 7. O-O e6 8. Re1 O-O 9. e5 Ne8 10. Bg5 f6
11. exf6 Nxf6 12. Bxe6+ Kh8 13. Nd5 h6 14. Nxf6 Bxf6 15. Bxh6 Re8 16. Bf7 Re7 17. Bxg6 Re6 18. Rxe6 Bxe6 19. d5 Bd7 20. dxc6 Bxc6
21. c3 b5 22. Nd4 Bb7 23. Qh5 Kg8 24. Bg5 Kf8 25. Ne6+ Ke7 26. Nxd8
1-0

[Event "II - May 2023 DRRT"]
[Site "SchemingMind.com"]
[Date "2023.07.14"]
[Round "-"]
[White "Chessibelle"]
[Black "capablanca"]
[Result "0-1"]
[WhiteCountry "ENG"]
[BlackCountry "GER"]
[WhiteElo "1142"]
[WhiteRD "58"]
[BlackElo "1796"]
[BlackRD "93"]
[GameID "735639"]

1. Nf3 d5 2. e3 c5 3. g3 Nc6 4. Bg2 e5 5. O-O Nf6 6. b3 Bf5 7. Nc3 Bd6 8. d3 O-O 9. Nd2 d4 10. e4 dxc3
11. Nf3 Bg4 12. h3 Bxf3 13. Bxf3 Nd4 14. Bg2 b5 15. Qe1 Nxc2 16. Qxc3 Nxa1 17. Qxa1 Rc8 18. Be3 a5 19. f4 exf4 20. gxf4 c4
21. e5 Re8 22. Qe1 Bb4 23. Qh4 Nd5 24. Qg3 Nxe3 25. Qxe3 Bc5 26. d4 Bxd4 27. Re1 Bxe3+ 28. Rxe3 Qd4 29. Kf2 c3 30. Kg3 Qxe3+
31. Bf3 c2
0-1

[Event "II - May 2023 DRRT"]
[Site "SchemingMind.com"]
[Date "2023.07.19"]
[Round "-"]
[White "capablanca"]
[Black "Wojtek26"]
[Result "0-1"]
[WhiteCountry "GER"]
[BlackCountry "POL"]
[WhiteElo "1738"]
[WhiteRD "72"]
[BlackElo "1421"]
[BlackRD "73"]
[GameID "735640"]

1. d4 d5 2. Nf3 e6 3. c4 c5 4. Nc3 Nf6 5. Bg5 dxc4 6. dxc5 Qxd1+ 7. Rxd1 Be7 8. e3 h6 9. Bxf6 Bxf6 10. Nb5 Na6
11. Bxc4 Bxb2 12. Nd6+ Ke7 13. O-O Nxc5 14. Nxc8+ Raxc8 15. Rb1 Bf6 16. Rfd1 Rhd8 17. Kf1 Na4 18. Rxb7+ Kf8 19. Rxd8+ Bxd8 20. Nd2 Bb6
21. Bb5 Nc5 22. Bd7 Rd8
0-1

[Event "II - May 2023 DRRT"]
[Site "SchemingMind.com"]
[Date "2023.07.19"]
[Round "-"]
[White "Wojtek26"]
[Black "capablanca"]
[Result "0-1"]
[WhiteCountry "POL"]
[BlackCountry "GER"]
[WhiteElo "1421"]
[WhiteRD "73"]
[BlackElo "1738"]
[BlackRD "72"]
[GameID "735641"]

1. d4 d5 2. e3 Nf6 3. Nf3 Bg4 4. Nbd2 e6 5. Be2 c5 6. c4 Nc6 7. dxc5 Bxc5 8. h3 Bxf3 9. Nxf3 dxc4 10. Qxd8+ Rxd8
11. a3 b5 12. O-O O-O 13. Bd2 Ne4 14. Rfd1 Nxd2 15. Rxd2 Rxd2 16. Nxd2 Rd8 17. Nf3 a6 18. Rd1 Rxd1+ 19. Bxd1 f6 20. Bc2 g6
21. Kf1 Kf7 22. Ke2 e5 23. Nd2 f5 24. Nb1 e4 25. b3 Ne5 26. a4 Bb4 27. Nd2 Ke6 28. axb5 axb5 29. bxc4 bxc4 30. Nxc4 Nxc4
31. Bb3 Kd5 32. f3 Kc5
0-1

[Event "II - May 2023 DRRT"]
[Site "SchemingMind.com"]
[Date "2023.07.19"]
[Round "-"]
[White "capablanca"]
[Black "Sadalmelik"]
[Result "1-0"]
[WhiteCountry "GER"]
[BlackCountry "ITA"]
[WhiteElo "1728"]
[WhiteRD "68"]
[BlackElo "1469"]
[BlackRD "81"]
[GameID "735642"]

1. d4 Nf6 2. c4 e6 3. Nc3 Bb4 4. Qc2 O-O 5. Bg5 h6 6. Bd2 c5 7. a3 Ba5 8. dxc5 Nc6 9. b4 Bc7 10. Nb5 d5
11. cxd6 Bb8 12. c5 a6 13. Nc3 b6 14. g3 Bb7 15. Nf3 Nd4 16. Qd3 Nb3 17. Ra2 Nxd2 18. Rxd2 Nd5 19. Bg2 Ra7 20. O-O Qc8
21. Ne5 Rd8 22. Nxd5 Bxd5 23. Bxd5 exd5 24. Qxd5 Qb7 25. Qxb7 Rxb7 26. c6 Ra7 27. c7 Bxc7 28. dxc7 Rc8 29. Rd8+
1-0

[Event "II - May 2023 DRRT"]
[Site "SchemingMind.com"]
[Date "2023.07.19"]
[Round "-"]
[White "Sadalmelik"]
[Black "capablanca"]
[Result "1/2-1/2"]
[WhiteCountry "ITA"]
[BlackCountry "GER"]
[WhiteElo "1469"]
[WhiteRD "81"]
[BlackElo "1728"]
[BlackRD "68"]
[GameID "735643"]

1. d4 d5 2. c4 Nf6 3. cxd5 Nxd5 4. e4 Nb6 5. Nc3 Nc6 6. d5 Ne5 7. f4 Ng6 8. Nf3 e6 9. dxe6 Qxd1+ 10. Nxd1 fxe6
11. Be2 Bb4+ 12. Nc3 Bd7 13. O-O O-O-O 14. Be3 Rhf8 15. g3 Bc6 16. a3 Be7 17. Nb5 Kb8 18. Nbd4 Bd7 19. f5 exf5 20. exf5 Bxf5
21. Nxf5 Rxf5 22. b4 Ne5 23. Bf4 Nxf3+ 24. Rxf3 Rff8 25. Raf1 Nd5 26. Be5 Nf6 27. Rc3 Nd5 28. Rcc1 Rxf1+ 29. Rxf1 g6 30. Rf7 h6
31. Bf3 Bg5 32. Bxd5 Rxd5 33. Bxc7+ Kc8 34. Bf4 Bxf4 35. gxf4 Rf5 36. Rxf5=
1/2-1/2

[Event "II - May 2023 DRRT"]
[Site "SchemingMind.com"]
[Date "2023.07.14"]
[Round "-"]
[White "Arnold Jones"]
[Black "capablanca"]
[Result "0-1"]
[WhiteCountry "ENG"]
[BlackCountry "GER"]
[WhiteElo "1528"]
[WhiteRD "60"]
[BlackElo "1796"]
[BlackRD "93"]
[GameID "735645"]

1. d4 d5 2. g3 c5 3. Nf3 Nf6 4. Bg2 e6 5. O-O cxd4 6. Bg5 Be7 7. Ne5 Nc6 8. Bxf6 Bxf6 9. Nd3 e5 10. Bxd5 Qxd5
11. f3 Bh3 12. Re1 Bg5 13. Nd2 Be3+ 14. Kh1 O-O 15. Ne4 Bf5 16. Ndc5 b6 17. Nc3 Qxc5 18. g4 Bg6 19. Ne4 Bxe4 20. fxe4 Qe7
21. Rf1 Qh4 22. Qe1 Qxe1 23. Raxe1 Ne7 24. Kg2 Rac8 25. c3 dxc3 26. bxc3 Rxc3 27. Rd1 Ng6 28. h3 Nf4+ 29. Rxf4 exf4 30. Kf1 Rfc8
31. Ke1 Rc1
0-1

[Event "II - May 2023 DRRT"]
[Site "SchemingMind.com"]
[Date "2023.07.17"]
[Round "-"]
[White "capablanca"]
[Black "lontjr"]
[Result "1-0"]
[WhiteCountry "GER"]
[BlackCountry "USA"]
[WhiteElo "1744"]
[WhiteRD "75"]
[BlackElo "1319"]
[BlackRD "104"]
[GameID "735771"]

1. d4 Nf6 2. c4 e6 3. Nc3 Bb4 4. Nf3 b6 5. Bg5 Bb7 6. e3 h6 7. Bh4 g5 8. Bg3 Ne4 9. Qc2 Bxc3+ 10. bxc3 d6
11. Bd3 f5 12. Nd2 Nxd2 13. Qxd2 Bxg2 14. Rg1 Bc6 15. O-O-O Nd7 16. Bc2 Qc8 17. d5 exd5 18. cxd5 Bb7 19. Bxf5 O-O 20. Be6+ Kg7
21. Qd4+ Kg6 22. h4
1-0

[Event "II - May 2023 DRRT"]
[Site "SchemingMind.com"]
[Date "2023.07.17"]
[Round "-"]
[White "lontjr"]
[Black "capablanca"]
[Result "0-1"]
[WhiteCountry "USA"]
[BlackCountry "GER"]
[WhiteElo "1319"]
[WhiteRD "104"]
[BlackElo "1744"]
[BlackRD "75"]
[GameID "735772"]

1. e4 e5 2. Nf3 Nc6 3. d4 exd4 4. Bc4 Be7 5. c3 dxc3 6. Qd5 Nh6 7. Bxh6 O-O 8. Bxg7 Kxg7 9. Nxc3 d6 10. Qd2 h6
11. Nd5 Bg4 12. O-O-O Bg5 13. Nxg5 Bxd1 14. Nh3 Bg4 15. Nhf4 Ne5 16. h3 Nxc4 17. Qd4+ Ne5 18. hxg4 Qg5 19. g3 c5 20. Qc3 b5
21. Kc2 b4 22. Qb3 Qxg4 23. Ne3 Qg5 24. Rh5 Qf6
0-1

[Event "II - May 2023 DRRT"]
[Site "SchemingMind.com"]
[Date "2023.07.17"]
[Round "-"]
[White "lontjr"]
[Black "pmdpsp"]
[Result "0-1"]
[WhiteCountry "USA"]
[BlackCountry "GER"]
[WhiteElo "1319"]
[WhiteRD "104"]
[BlackElo "1725"]
[BlackRD "78"]
[GameID "735773"]

1. e4 e5 2. Nf3 Nc6 3. d4 d6 4. d5 Nce7 5. c4 f5 6. Nc3 Nf6 7. Bd3 fxe4 8. Nxe4 Nxe4 9. Bxe4 Bf5 10. Qd3 g6
11. Bg5 h6 12. Bh4 g5 13. Bg3 Bxe4 14. Qxe4 c6 15. O-O cxd5 16. cxd5 Qa5 17. Ne1 Qxd5 18. Qa4+ Nc6 19. Rd1 Qe6 20. b4 Qd7
21. Qc2 Nxb4 22. Qg6+ Qf7 23. Qb1 Nxa2 24. Qb2 O-O-O 25. Qc2+ Kb8 26. f4 gxf4 27. Bf2 Nb4 28. Qa4 Nc6 29. Rb1 d5 30. Nf3 Bd6
31. Qxc6 Ka8 32. Qa4 Bb8 33. Nxe5 Qc7 34. Rfc1 Qxe5 35. Bd4 Qd6 36. Bxh8 f3
0-1

[Event "II - May 2023 DRRT"]
[Site "SchemingMind.com"]
[Date "2023.07.17"]
[Round "-"]
[White "pmdpsp"]
[Black "lontjr"]
[Result "1-0"]
[WhiteCountry "GER"]
[BlackCountry "USA"]
[WhiteElo "1725"]
[WhiteRD "78"]
[BlackElo "1319"]
[BlackRD "104"]
[GameID "735774"]

1. c4 c5 2. Nc3 g6 3. d4 cxd4 4. Qxd4 Nf6 5. Bg5 Nc6 6. Qd1 Bg7 7. Nf3 O-O 8. e3 d6 9. Bd3 Bg4 10. O-O Qb6
11. Na4 Qc7 12. h3 Bxf3 13. Qxf3 Qa5 14. Nc3 Qxg5 15. a3 a5 16. b4 Ne5 17. Qe2 h5 18. f4
1-0

[Event "II - May 2023 DRRT"]
[Site "SchemingMind.com"]
[Date "2023.07.18"]
[Round "-"]
[White "lontjr"]
[Black "kenneth m day"]
[Result "0-1"]
[WhiteCountry "USA"]
[BlackCountry "USA"]
[WhiteElo "1319"]
[WhiteRD "104"]
[BlackElo "1707"]
[BlackRD "59"]
[GameID "735775"]

1. e4 e5 2. Nf3 d5 3. exd5 Bd6 4. d4 e4 5. Ne5 Nf6 6. Bb5+ c6 7. dxc6 bxc6 8. Nxc6 Qb6 9. Nc3 O-O 10. Ne5 a6
11. Be2 Nbd7 12. Be3 Qxb2 13. Bd2 Qa3 14. Nb1 Qb2 15. Bc3 Qb6 16. Nc4 Qc7 17. O-O Bb7 18. f4 Bxf4 19. Bd2 Bxh2+ 20. Kh1 Qg3
21. Bf4 Qh4 22. g3 Bxg3+
0-1

[Event "II - May 2023 DRRT"]
[Site "SchemingMind.com"]
[Date "2023.07.18"]
[Round "-"]
[White "kenneth m day"]
[Black "lontjr"]
[Result "1-0"]
[WhiteCountry "USA"]
[BlackCountry "USA"]
[WhiteElo "1707"]
[WhiteRD "59"]
[BlackElo "1319"]
[BlackRD "104"]
[GameID "735776"]

1. e4 c5 2. d4 cxd4 3. c3 g6 4. cxd4 d5 5. Nc3 dxe4 6. Nxe4 Bg7 7. Be3 Nf6 8. Nxf6+ Bxf6 9. Nf3 O-O 10. Be2 Bf5
11. O-O Qb6 12. b3 Nc6 13. Rc1 Rfd8 14. d5
1-0

[Event "II - May 2023 DRRT"]
[Site "SchemingMind.com"]
[Date "2023.07.17"]
[Round "-"]
[White "lontjr"]
[Black "ray winteringham"]
[Result "0-1"]
[WhiteCountry "USA"]
[BlackCountry "ENG"]
[WhiteElo "1319"]
[WhiteRD "104"]
[BlackElo "1431"]
[BlackRD "46"]
[GameID "735777"]

1. e4 e5 2. Nf3 d6 3. d4 exd4 4. Nxd4 Be7 5. Nc3 Be6 6. Nxe6 fxe6 7. Bc4 Nd7 8. O-O Ngf6 9. Be3 O-O 10. Bxe6+ Kh8
11. f4 Nb6 12. Qf3 c6 13. g4 Nc4 14. Bxc4 b5 15. Bd3 b4 16. Na4 Qd7 17. f5 c5 18. g5 Ne8 19. Qh5 Qxa4 20. g6 h6
21. Bxh6 Nf6 22. Qe2 gxh6 23. Bb5 Qa5 24. g7+ Kxg7 25. Qg2+ Kh8 26. Bc4 Rg8
0-1

[Event "II - May 2023 DRRT"]
[Site "SchemingMind.com"]
[Date "2023.07.17"]
[Round "-"]
[White "ray winteringham"]
[Black "lontjr"]
[Result "1-0"]
[WhiteCountry "ENG"]
[BlackCountry "USA"]
[WhiteElo "1431"]
[WhiteRD "46"]
[BlackElo "1319"]
[BlackRD "104"]
[GameID "735778"]

1. g3 d5 2. d4 Nf6 3. Bg2 c6 4. e3 Bf5 5. Ne2 e6 6. a3 Bd6 7. O-O O-O 8. b3 Nbd7 9. Bb2 Ne4 10. Nd2 Ndf6
11. c4 Qa5 12. b4 Qd8 13. c5 Bc7 14. f3 Nxd2 15. Qxd2 h5 16. h4 Nh7 17. e4 dxe4 18. fxe4 Bg4 19. Bf3 Bxf3 20. Rxf3 Nf6
21. Raf1 Nxe4 22. Qe3 f5 23. Nf4 b5 24. Nxe6
1-0

[Event "II - May 2023 DRRT"]
[Site "SchemingMind.com"]
[Date "2023.07.17"]
[Round "-"]
[White "lontjr"]
[Black "Chessibelle"]
[Result "1-0"]
[WhiteCountry "USA"]
[BlackCountry "ENG"]
[WhiteElo "1459"]
[WhiteRD "185"]
[BlackElo "1142"]
[BlackRD "58"]
[GameID "735779"]

1. e4 e5 2. Nf3 Nc6 3. d4 Bd6 4. Bg5 f6 5. dxe5 Nxe5 6. Bf4 Ne7 7. Nc3 c6 8. Qxd6 O-O 9. Nxe5 fxe5 10. Bxe5 Qb6
11. Bc4+ Kh8 12. Qxe7 Qxf2+ 13. Kd1 b5 14. Qxg7#
1-0

[Event "II - May 2023 DRRT"]
[Site "SchemingMind.com"]
[Date "2023.07.18"]
[Round "-"]
[White "Chessibelle"]
[Black "lontjr"]
[Result "0-1"]
[WhiteCountry "ENG"]
[BlackCountry "USA"]
[WhiteElo "1106"]
[WhiteRD "57"]
[BlackElo "1319"]
[BlackRD "104"]
[GameID "735780"]

1. Nf3 c5 2. Nc3 Nc6 3. b3 d5 4. e3 e5 5. g3 Nf6 6. h3 Bd6 7. Bg2 O-O 8. O-O e4 9. Nh2 Ne5 10. f3 Nh5
11. Qe1 Nxg3 12. Rf2 Qh4 13. Nxd5 Nxf3+ 14. Bxf3 exf3 15. Rxf3 Qg5 16. c4 Bxh3 17. Kf2 Ne4+ 18. Ke2 Qg2+ 19. Kd3 Bxh2 20. Rf1 Rfe8
21. Kc2 Qxf1 22. Qh4 Nf2 23. Kb2 Be5+ 24. Ka3 Bxa1 25. Nc7 b5 26. Qf4 b4+ 27. Ka4 Qxc1 28. Kb5 Rab8+ 29. Kxc5 Nd3+
0-1